Gaming Quiz

Random Gaming or Video Games Quiz

Finish the Video Game Titles (1980s) Quiz Stats

 Plays Quiz not verified by Sporcle

Score 0/30 Timer 05:00
0 Plays Today
Start of Title Last Word % Correct
DonkeyKong
97.4%
Teenage Mutant NinjaTurtles
92.7%
Super MarioBros.
91.7%
The Legend of Zelda
85.6%
StreetFighter
85.3%
DuckHunt
74.7%
Where in the World Is CarmenSandiego?
71%
Prince ofPersia
70.5%
Q*bert
70.3%
Final Fantasy
69.4%
MegaMan
68.5%
John Madden Football
67.5%
Track andField
67%
DigDug
66.1%
MetalGear
61.9%
Start of Title Last Word % Correct
Mike Tyson'sPunch-Out!!
60%
DoubleDragon
47.6%
Ghosts 'nGoblins
45.3%
MissileCommand
44.5%
Pole Position
43.8%
TecmoBowl
39.5%
Dragon'sLair
39.2%
KidIcarus
38%
BubbleBobble
35.1%
AlteredBeast
23.1%
PhantasyStar
22.8%
GoldenAxe
21.4%
MoonPatrol
11%
RiverRaid
9.9%
Robotron:2084
7.9%

You're not logged in!

Compare scores with friends on all Sporcle quizzes.
OR
Log In

Show Comments

Extras

Top Quizzes Today


Score Distribution

Your Account Isn't Verified!

In order to create a playlist on Sporcle, you need to verify the email address you used during registration. Go to your Sporcle Settings to finish the process.

Report this User

Report this user for behavior that violates our Community Guidelines.

Details: